书目信息 |
| 题名: |
赠与合同 保管合同 仓储合同
|
|
| 作者: | 刘天锋 主编 ;关键 , 刘征宇 , 肖学治 编写 | |
| 分册: | ||
| 出版信息: | 北京 中国民主法制出版社 2003.09 |
|
| 页数: | 443页 | |
| 开本: | 21cm | |
| 丛书名: | 中国合同法实务操作丛书 | |
| 单 册: | ||
| 中图分类: | D923.64 | |
| 科图分类: | ||
| 主题词: | 合同法--基本知识--中国 | |
| 电子资源: | ||
| ISBN: | 7-80078-732-X | |
| 000 | 01058nam 2200289 45 | |
| 001 | 010034200 | |
| 005 | 20050915102050.24 | |
| 010 | @a7-80078-732-X@dCNY25.50 | |
| 100 | @a20030313d2003 kmey0chiy0121 ea | |
| 101 | 0 | @achi |
| 102 | @aCN@b110000 | |
| 105 | @ay z 000yy | |
| 200 | 1 | @a赠与合同 保管合同 仓储合同@Azeng yu he tong bao guan he tong cang chu he tong@f刘天锋主编@Fliu tian feng zhu bian@g关键 … [等]编写@Gguan jian…[deng]bian xie |
| 210 | @a北京@c中国民主法制出版社@d2003.09 | |
| 215 | @a443页@d21cm | |
| 225 | 2 | @a中国合同法实务操作丛书 |
| 304 | @a其他编写人员: 刘征宇, 肖学治, 赵又红等。 | |
| 330 | @a本书介绍了赠与合同、保管合同、仓储合同的基本知识,对此三种合同的订立、履行等问题进行了详析。 | |
| 410 | 0 | @12001 @a中国合同法实务操作丛书 |
| 606 | 0 | @a合同法@x基本知识@y中国 |
| 690 | @aD923.64@v4 | |
| 701 | 0 | @a刘天锋@Aliu tian feng@4主编 |
| 702 | 0 | @a关键@AGuan Jian@4编写 |
| 702 | 0 | @a刘征宇@ALiu Zheng Yu@4编写 |
| 702 | 0 | @a肖学治@AXiao Xue Zhi@4编写 |
| 801 | 0 | @aCN@bQSSK@c20050915 |
| 905 | @a10447@dD923.64@eL681 | |
| 赠与合同 保管合同 仓储合同/刘天锋主编/关键 … [等]编写.-北京:中国民主法制出版社,2003.09 |
| 443页;21cm.-(中国合同法实务操作丛书) |
| ISBN 7-80078-732-X:CNY25.50 |
| 本书介绍了赠与合同、保管合同、仓储合同的基本知识,对此三种合同的订立、履行等问题进行了详析。 |
| ● |
| 相关链接 |
|
|
|
正题名:赠与合同 保管合同 仓储合同
索取号:D923.64/L681
 
预约/预借
| 序号 | 登录号 | 条形码 | 馆藏地/架位号 | 状态 | 备注 |
| 1 | 563993 | 205639932 | 社科库509/509社科库 94排1列4层/ [索取号:D923.64/L681] | 在馆 | |
| 2 | 563994 | 205639941 | 社科库509/509社科库 94排1列4层/ [索取号:D923.64/L681] | 在馆 | |
| 3 | 563995 | 205639950 | 社科库509/509社科库 94排1列4层/ [索取号:D923.64/L681] | 在馆 |